Vibration damping of structural elements / (Record no. 546746)
[ view plain ]
| 000 -LEADER | |
|---|---|
| fixed length control field | 00547cam a2200169 a 4500 |
| 020 ## - INTERNATIONAL STANDARD BOOK NUMBER | |
| International Standard Book Number | 0130792292 |
| 082 00 - DEWEY DECIMAL CLASSIFICATION NUMBER | |
| Classification number | 624.1/76 |
| Author Mark | sun |
| -- | L-38, P-166 |
| 100 1# - MAIN ENTRY--PERSONAL NAME | |
| Personal name | Sun, C. T. |
| 9 (RLIN) | 42941 |
| 245 10 - TITLE STATEMENT | |
| Title | Vibration damping of structural elements / |
| Statement of responsibility, etc. | C.T. Sun, Y.P. Lu. |
| 260 ## - PUBLICATION, DISTRIBUTION, ETC. | |
| Place of publication, distribution, etc. | Englewood Cliffs, N.J. : |
| Name of publisher, distributor, etc. | Prentice Hall PTR, |
| Date of publication, distribution, etc. | c1995. |
| 300 ## - PHYSICAL DESCRIPTION | |
| Extent | xi, 372 p. : |
| Other physical details | ill. ; |
| Dimensions | 24 cm. |
| 526 ## - STUDY PROGRAM INFORMATION NOTE | |
| Program name | 0 |
| Interest level | 0 |
| Reading level | 0 |
| Title point value | 624_176000000000000_SUN |
| 650 #0 - SUBJECT ADDED ENTRY--TOPICAL TERM | |
| Topical term or geographic name entry element | Damping (Mechanics) |
| 9 (RLIN) | 24642 |
| 650 #0 - SUBJECT ADDED ENTRY--TOPICAL TERM | |
| Topical term or geographic name entry element | Structural dynamics. |
| 9 (RLIN) | 10008 |
| 700 1# - ADDED ENTRY--PERSONAL NAME | |
| Personal name | Lu, Y. P. |
| 9 (RLIN) | 42942 |
| 942 ## - ADDED ENTRY ELEMENTS (KOHA) | |
| Source of classification or shelving scheme | |
| Koha item type | Book |
| Withdrawn status | Lost status | Source of classification or shelving scheme | Damaged status | Not for loan | Permanent Location | Current Location | Date acquired | Total Checkouts | Full call number | Barcode | Date last seen | Price effective from | Koha item type |
|---|---|---|---|---|---|---|---|---|---|---|---|---|---|
| Military College of Engineering (MCE) | Military College of Engineering (MCE) | 06/18/2014 | 624.1/76 sun | MCE-40427 | 06/18/2014 | 06/18/2014 | Book |
